00382 2200157 4500001002100000005001500021035002000036245003600056100001900092250001200111300002400123260003700147082000800184084001400192020001800206INLIS00000000000116120260430120115 a0010-04260000191 agara gara ole /czulfa adiputra0 azulfa adiputra apertama a24 hlm :bilustrasi ajakarta :bKEMENdikdasmen,c2023 a813 a813 ZUL g a9786231188342